sudan, eine bilder-reportage vom mittelmeer zum viktoriasee und an den indischen ozean : /

Saved in:

Main Author: naegeli, jacques

Format: Book

Language: Undetermined

Published: thun : j. vetter, 1941.

Subjects:

Tags: Add Tag

No Tags, Be the first to tag this record!

Call Number: DT108.6 .N3

LEADER 00627nam a2200157Ia 4500
008 220401s9999||||xx |||||||||||||| ||und||
050 4 |a DT108.6 .N3 
100 1 |a naegeli, jacques 
245 1 0 |a sudan, eine bilder-reportage vom mittelmeer zum viktoriasee und an den indischen ozean :  |b  /  |c jacques naegeli. 
264 1 |a thun :  |b j. vetter,  |c 1941. 
300 |a 73p. :  |b illus. ;  |c 29x23cm. 
650 1 4 |a sudan description and travel. 
650 1 4 |a sudan pictorial works. 
942 |2 lcc  |c BK 
952 |0 0  |1 0  |2 lcc  |4 0  |6 DT01086 N3  |7 1  |9 39375  |a ARCE  |b ARCE  |d 2022-04-01  |l 0  |o DT108.6 .N3  |p 1003172  |r 2022-04-01 00:00:00  |w 2022-04-01  |y BK 
999 |c 46956  |d 46956